Dualistic economic development (Record no. 1076133)

MARC details
000 -LEADER
fixed length control field 00779nam a2200241Ia 4500
003 - CONTROL NUMBER IDENTIFIER
control field OSt
005 - DATE AND TIME OF LATEST TRANSACTION
control field 20221006143113.0
008 - FIXED-LENGTH DATA ELEMENTS--GENERAL INFORMATION
fixed length control field 221006b |||||||| |||| 00| 0 eng d
037 ## - SOURCE OF ACQUISITION
Terms of availability Textual
040 ## - CATALOGING SOURCE
Original cataloging agency EASL
Transcribing agency EASL
Language of cataloging eng
041 ## - LANGUAGE CODE
Source of code eng
Language code of text/sound track or separate title eng
100 ## - MAIN ENTRY--PERSONAL NAME
Personal name MATSUKAWA Shigeru
9 (RLIN) 274151
245 #0 - TITLE STATEMENT
Title Dualistic economic development
Remainder of title An econometric model of Japan, 1954-1968
260 ## - PUBLICATION, DISTRIBUTION, ETC.
Place of publication, distribution, etc. Tokyo
Name of publisher, distributor, etc. Intrnational Development Center of Japan Japan
Date of publication, distribution, etc. 1981
300 ## - PHYSICAL DESCRIPTION
Extent 34p.
Dimensions cm.
490 ## - SERIES STATEMENT
Volume/sequential designation JEL
Series statement IDCJ Working Paper Series, No. 17
942 ## - ADDED ENTRY ELEMENTS (KOHA)
Classification part X:275.42, M1
Koha item type Textual
Source of classification or shelving scheme Colon Classification (CC)
Holdings
Withdrawn status Lost status Source of classification or shelving scheme Damaged status Not for loan Home library Current library Date acquired Source of acquisition Serial Enumeration / chronology Total Checkouts Full call number Barcode Date last seen Price effective from Koha item type
    Colon Classification (CC)     Department of East Asian Studies Library Department of East Asian Studies Library 2022-10-06 Gift, Jaapn Foundation JEL   X:275.42 M1 EA0788163 2022-10-06 2022-10-06 Textual
Copyright @ Delhi University Library System